| 000 | 00709 a2200193 4500 | ||
|---|---|---|---|
| 020 |
_a8171771815 _c330.00 |
||
| 035 | _aB-210779 | ||
| 037 | _bRP-ZLS-2714 / PANSY-07-08:3 / RP-07-08:ENG | ||
| 082 | 1 | 4 | _a346.048 |
| 090 |
_c2061 _d2061 |
||
| 100 | 1 | _aNarayanan, P. | |
| 245 | 1 |
_aIntellectual Property Law _cby P. Narayanan |
|
| 250 |
_a3rd ed. _brevised with updated and amended statutes |
||
| 260 |
_aKolkata _bEastern Law House _c2006 |
||
| 300 |
_a33, 631 p _c22 cm (pbk) |
||
| 500 | _aincludes index | ||
| 942 |
_adpl _cEN _k346.048 / NAR |
||
| 999 |
_c2026 _d2026 |
||